000 00768nam a2200229Ia 4500
003 GCL
008 140319s9999 xx 000 0 ara d
020 _a7000437977
040 _aGCL /
_cGCL
082 0 4 _a792.015
_bج ق
100 1 _aنبيل راغب
245 1 0 _aقصة ورشة المسرح /
_cنبيل راغب
700 1 _aسامى صلاح
700 1 _aجوورنى، هاوارد
260 _aالقاهرة :
_bوزارة الثقافة - مهرجان القاهرة الدولى للمسرح التجريبى ،
_c2006
300 _a520 ص ؛
_c25 سم
650 0 4 _aالاخراج المسرحى
650 0 4 _aالتمثيل فى المسرح
650 0 4 _aالمسرح - نقد
650 0 4 _aالمسرح التجارى
942 _2ddc
_cBK
999 _c9105
_d9105